000 00315nam a2200121Ia 4500
008 190216s9999||||xx |||||||||||||| ||und||
100 _aPuri G K
245 0 _a100 Practice Papers On General Knowledge/ General Studies
260 _bIims Pub
_c1999
300 _a304p
650 _aGeneral Collections
942 _cREF
999 _c36519
_d36519